Summable series and convergence factors

I tiakina i:
Ngā taipitopito rārangi puna kōrero
Kaituhi matua: Moore, Charles Napoleon (autor)
Hōputu: Pukapuka
Reo:Ingarihi
I whakaputaina: Nueva York Dover 1966
Ngā marau:
Ngā Tūtohu: Tāpirihia he Tūtohu
Kāore He Tūtohu, Me noho koe te mea tuatahi ki te tūtohu i tēnei pūkete!

MARC

LEADER 00000nam a2200000 a 4500
001 UCP3391
003 CL-VaPUC
008 990618e19660000US |||||||||||||||||eng|d
082 0 4 |a 512.72  |b MOO  |2 21 
100 |a Moore, Charles Napoleon  |e autor  |9 430621 
245 1 0 |a Summable series and convergence factors 
300 |a 105 p 
942 |c BK 
945 |d 19990618 00:00:00  |a crobeson 
260 |a Nueva York  |b Dover  |c 1966 
650 0 |a Teoría de números  |9 265327 
650 0 |a Convergencia  |9 325469 
650 0 |a Series numéricas  |9 423265 
583 |a last modification  |c 19990618 00:00:00  |k Rodrigo Vera 
999 |c 281718  |d 281716 
952 |0 0  |1 0  |4 0  |6 512_720000000000000_MOO_1966  |7 0  |8 A  |9 322692  |a BIBMAT  |b BIBMAT  |d 2019-11-20  |i 135065K  |o 512.72 MOO 1966  |p 135065K  |r 2025-01-07  |w 2019-11-20  |y BK  |k MAT